00883 2200277 4500001002100000005001700021008004100038020001800079035002400097082001200121090001900133100001600152245014600168250001000314260005200324300002200376500008600398650003200484700001200516700001500528850001500543980001300558985000600571986001300577999001500590YOGYA-0209000001413120090227022404.0 ind  a979-8034-90-2 0010-020900000014131 a297.931 a297.931bPij F aPIJPER, G.F aFragmenta Islamicabbeberapa studi mengenai sejarah Islam di Indonesia awal abad xxcG.F.Pijper ; penerjemah, Tudjimah;penyunting, purwadaksi aCet.1 aJakartabUniversitas Indonesia (UI-Press)c1987 ax, 256 hlmc23 cm aJudul asli : Fragmenta Islamica, studien over het Islamisme in Nederlandsch-Indie aIslam - Sejarah - Indonesia aTujimah aPurwadaksi aYOPDYOG(B) a12-07-05 a1 aerrthrev a96P0084645